People by their dates and places of birth (the British) - Statistics

General Stats
  • This quiz has been taken 17 times
  • The average score is 10 of 24
Answer Stats
Date Place Person % Correct
1942-06-18 Liverpool Paul McCartney
100%
1874-11-30 Blenheim, Oxfordshire Winston Churchill
94%
1946-09-05 Stone Town, Zanzibar (Tanzania) Freddie Mercury
88%
1819-05-24 Kensington Palace, London Victoria
81%
1925-10-13 Grantham, Lincolnshire Margaret Thatcher
69%
1812-02-07 Portsmouth, Hampshire Charles Dickens
50%
1926-04-21 Mayfair, London Elizabeth II
50%
1946-05-22 Belfast, Northern Ireland George Best
50%
1890-09-15 Torquay, Devon Agatha Christie
44%
1758-09-29 Burnham Thorpe, Norfolk Horatio Nelson
44%
1970-08-13 Newcastle upon Tyne Alan Shearer
38%
1892-01-03 Bloemfontein (South Africa) J. R. R. Tolkien
38%
1937-12-31 Port Talbot, Glamorgan, Wales Anthony Hopkins
31%
1947-03-25 Pinner, London Elton John
31%
1770-04-07 Cockermouth, Cumberland William Wordsworth
31%
1926-05-08 Isleworth, London David Attenborough
19%
1945-03-30 Ripley, Surrey Eric Clapton
19%
1806-04-09 Portsmouth, Hampshire Isambard Kingdom Brunel
19%
1985-01-07 Stevenage, Hertfordshire Lewis Hamilton
19%
1853-07-05 Bishop's Stortford, Hertfordshire Cecil Rhodes
13%
1903-06-25 Motihari (Bihar, India) George Orwell
13%
1795-10-31 Moorgate, London John Keats
13%
1960-04-11 Sprotbrough, South Yorkshire Jeremy Clarkson
6%
1955-01-06 Consett, County Durham Rowan Atkinson
6%
No matching quizzes found
Score Distribution
Percent of People with Each Score
Percentile by Number Answered
Your Score History
You have not taken this quiz